| 000 | 02235nam a2200289Ia 4500 | ||
|---|---|---|---|
| 003 | CO-CtgCURN | ||
| 005 | 20250719145944.0 | ||
| 008 | 220709s9999 xx 000 0 und d | ||
| 040 |
_aCO-CtgCURN _bspa _ccoctgcurn |
||
| 082 |
_aENF 2022 _bP778n |
||
| 100 |
_aPolonia Zúñiga, Yoleidi _eautora _95896 |
||
| 245 | 0 |
_aNivel de estrés percibido en los estudiantes vinculados a una institución educativa superior de la costa caribe colombiana durante la pandemia de COVID-19 _h[electronic resource] / _cYoleidi Polonia Zúñiga; Geraldine Thalía Soto González; Daniska Milena Reyes Tejedor; tutora., Cinthya Paola Mora Campo |
|
| 260 |
_aBarranquilla, Atlántico : _bCorporación Universitaria Rafael Núñez, _c2022 |
||
| 300 |
_a1 recurso en línea (59 páginas (PDF)) : _btablas, gráficas |
||
| 502 | _aTrabajo de Grado (Enfermera). Corporación Universitaria Rafael Núñez. Facultad de Ciencias de la Salud. Programa de Enfermería, 2022 | ||
| 504 | _aIncluye referencias bibliográficas | ||
| 520 | _aEl estrés es una emoción, sentimiento o reacción del cuerpo ante un estímulo, este puede provenir de cualquier situación que genere tensión, como por ejemplo compromisos, noticias negativas y enfermedades etc. En los estudiantes universitarios el estrés se define como una reacción de activación fisiológica, emocional cognitiva y conductual ante eventos en entornos académicos. (1) El siguiente proyecto tuvo como objetivo general, conocer el nivel de estrés percibido en los estudiantes vinculados a una institución educativa superior de la costa caribe colombiana durante la pandemia de COVID-19. | ||
| 521 | _aAREA PROFESIONAL | ||
| 590 | _aPrograma de Enfermería_27 | ||
| 650 |
_aEnfermería _vTesis y disertaciones académicas _95897 |
||
| 700 |
_aMora Campo, Cinthya Paola _etutora _95898 |
||
| 700 |
_aReyes Tejedor, Daniska Milena _eautora _95899 |
||
| 700 |
_aSoto González, Geraldine Thalía _eautora _95900 |
||
| 856 |
_uhttps://unicurn.sharepoint.com/:b:/s/biblioteca/EYTwRvu6uAZGuEu_n1pUvfsB2XEJeicFqvfmpmvw6C-X2g?e=8LJJzI _yConsulte aquí el texto completo |
||
| 942 |
_cTG _hENF 2022 _iP778n _2ddc _n0 |
||
| 999 |
_c617 _d617 |
||